000 00640nam a2200265 a 4500
003 AR-BaBNM
005 20251128202901.0
008 082120s2002 ||||||||||||||000 | spa||
040 _cAR-BaBNM
100 1 _aLynch, Benito
245 0 0 _aLos caranchos de la Florida
250 _a4ยช ed.
260 _aBuenos Aires
_bEdiciones Troquel
_c1958
300 _a220 p.
650 4 _aLITERATURA ARGENTINA
650 4 _aPAMPAS
650 4 _aLITERATURA FOLKLORICA
650 4 _aESCRITORES
650 4 _aNOVELAS
650 4 _aREALISMO
650 4 _aCOSTUMBRES Y TRADICIONES
655 _aLITERATURA
942 _cBK
998 _cMARTIN
999 _c1035
_d1035